El prisionero de Zenda / (Registro nro. 9151)

Detalles MARC
000 -LIDER
fixed length control field 01416nam a2200481 4500
001 - NÚMERO DE CONTROL
Identificador de número de control 0050175
003 - IDENTIFICACDOR DE NÚMERO DE CONTROL
control field DO-SdBNP
005 - DATE AND TIME OF LATEST TRANSACTION
control field 20180202150320.0
007 - CAMPOS FIJOS DE DESCRIPCIÓN FÍSICA
fixed length control field
008 - ELEMENTOS DE LONGITUD FIJA
fixed length control field 990304s1988 sp 098 d 1vlspa
015 ## - NÚMERO DENTRO DE LA BIBLIOGRAFÍA NACIONAL
National bibliography number
016 7# - NO. DE CONTROL DE LA AGENCIA BIB. NACIONAL
Source BPMSU
017 ## - NÚMERO DE REGISTRO DE DERECHOS DE AUTOR
Copyright or legal deposit number
Assigning agency
020 ## - ISBN
International Standard Book Number 8432090956
028 40 - NÚMERO DE EDITOR MUSICAL
Publisher number
035 ## - NÚMERO LOCAL
System control number
040 ## - FUENTE DE CATALOGACIÓN
Agencia que crea de manera original el registro BPMSU
Idioma de catalogación spa
Agencia que realiza la transcripción BPMSU
Convenciones de la despripción
041 1# - CÓDIGOS DE OBRAS TRADUCIDAS O EN VARIOS IDIOMAS
Código del idioma del texto/archivo de sonido o separata spa
084 ## - OTRO NÚMERO DE CLASIFICACIÓN
Number source
130 40 - ASIENTO PRINCIPAL--TITULO UNIFORME
Título uniforme The prisoner of Zenda (Richard Thorpe)
Idioma de una obra Español
240 ## - TITULO UNIFORME
Título uniforme The prisoner of Zenda
Idioma de una obra Español
245 13 - MENCIÓN DE TITULO
Título El prisionero de Zenda /
Mención de responsabilidad Anthony Hope
Medio (Designación general de material)
260 0# - PUBLICACIÓN, DISTRIBUCIÓN, ETC. (PIE DE IMPRENTA)
Lugar de publicación, distribución, etc Barcelona :
Nombre del editor, distribuidor, etc. Planeta,
Fecha de publicación, distribución, etc 1988
300 ## - DESCRIPCIÓN FÍSICA
Extensión 215 p.:
Dimensiones 23 cm.
Otros detalles físicos
490 ## - MENCIÓN DE SERIES
Mención de serie Biblioteca mundial de grandes aventura
500 ## - NOTA GENERAL
Nota general Basada en la novela de Anthony Hope
511 1# - PARTICIPANT OR PERFORMER NOTE
Participant or performer note
521 ## - TARGET AUDIENCE NOTE
Target audience note No recomendada menores 13 años
546 ## - NOTA DE IDIOMA
Nota de idioma Doblada en español
700 11 - ASIENTO SECUNDARIO -- NOMBRE PERSONAL
Nombre personal Thorpe, Richard
Fechas asociadas con el nombre 1896-1991
700 11 - ASIENTO SECUNDARIO -- NOMBRE PERSONAL
Nombre personal Berman, Pandro S.
Fechas asociadas con el nombre 1905-1996
700 11 - ASIENTO SECUNDARIO -- NOMBRE PERSONAL
Nombre personal Balderston, John L.
Fechas asociadas con el nombre 1899-1954
700 11 - ASIENTO SECUNDARIO -- NOMBRE PERSONAL
Nombre personal Langley, Noel
Fechas asociadas con el nombre 1911-1980
700 11 - ASIENTO SECUNDARIO -- NOMBRE PERSONAL
Nombre personal Ruttenberg, Joseph
Fechas asociadas con el nombre 1889-1983
700 11 - ASIENTO SECUNDARIO -- NOMBRE PERSONAL
Nombre personal Newman, Alfred
Fechas asociadas con el nombre 1901-1970
700 11 - ASIENTO SECUNDARIO -- NOMBRE PERSONAL
Nombre personal Granger, Stewart
Fechas asociadas con el nombre 1913-1993
700 11 - ASIENTO SECUNDARIO -- NOMBRE PERSONAL
Nombre personal Kerr, Deborah
Fechas asociadas con el nombre 1921-2007
700 11 - ASIENTO SECUNDARIO -- NOMBRE PERSONAL
Nombre personal Calhern, Louis
Fechas asociadas con el nombre 1895-1956
830 ## - ASIENTO SECUNDARIO DE SERIE--TÍTULO UNIFORME
Nombre de la parte o sección de una obra Biblioteca mundial de grandes aventura
942 ## - ADDED ENTRY ELEMENTS (KOHA)
Source of classification or shelving scheme Dewey Decimal Classification
Koha item type Libros
945 ## - INFORMACIÓN DE PROCESAMIENTO LOCAL
Información de procesamiento local Inventariado, 2018 / BT
956 ## - LOCAL ELECTRONIC LOCATION AND ACCESS (OCLC)
Método de acceso VMATEO
Materiales especificados 10
Enlace 20160308
Campo enlazado y núm. de secuencia BPMSU
Nombre de host 00151
Existencias
Withdrawn status Lost status Source of classification or shelving scheme Damaged status Not for loan Collection code Home library Current library Date acquired Source of acquisition Total Checkouts Barcode Date last seen Price effective from Koha item type
    Dewey Decimal Classification     Colección Juvenil General Biblioteca Pública Metropolitana Salomé Ureña Biblioteca Pública Metropolitana Salomé Ureña 03/09/2016 FUNDI   BPMSU16030013 03/09/2016 03/09/2016 Libros